000 00619nam a2200253 a 4500
001 nice12345678
003 IN_TiNIC
005 20260116012132.0
008 050524s1951 lona grp 000 0 eng
020 _a
_c100
082 0 0 _a234.13
_bWEA
100 _aWeatherhead, Leslie D
245 _aPsychology, Religion and Healing
260 _aLondon
_bHodder & Stoughton
_c1951
300 _a544p
500 _aincludes index and biblioraphy
505 2 _aIndex
650 _aHealing-Religious
650 _aOccultism
700 1 _aWeatherhead, Leslie D
902 _bSRS
942 _cBK
999 _c5773
_d5773